| 000 | 00616nam a2200205 a 4500 | ||
|---|---|---|---|
| 005 | 20260322212051.0 | ||
| 008 | data | ||
| 020 | _a0874259800 | ||
| 020 | _a9780874259803 | ||
| 040 | _aBorders/Amazon | ||
| 090 | _aHF 5549.17 L174 1994 | ||
| 100 | 1 | _aLambert, Jonamay. | |
| 245 | 1 | 0 |
_a50 activities for diversity training/ _cJonamay Lambert & Selma Myers. |
| 260 |
_aAmherst, Mass. _bHuman Resource Development Press _c 1994 |
||
| 300 |
_a1 v. (loose-leaf) ; _c 30 cm. |
||
| 650 | 4 | _aIntercultural communication. | |
| 650 | 0 | 2 |
_aPersonnel Management _vhandbooks, manuals, etc. |
| 700 | 1 | _aMyers, Selma. | |
| 001 | data | ||
| 999 |
_c1219 _d1219 |
||